| 000 | 00711cam a22002292 4500 | ||
|---|---|---|---|
| 001 | 0000001321 | ||
| 005 | 20151217154329.0 | ||
| 008 | 070305s xx 000 0 eng d | ||
| 020 | _a0072898402 : | ||
| 040 |
_aKABU _cKABU |
||
| 050 | 0 |
_aHB172 _b.M33 1998 |
|
| 100 | 1 |
_aMcConnell, Campbell R. _@0000105653 |
|
| 245 | 1 | 0 |
_aMicroeconomics : _bprinciples, problems and policies / _cC. R. McConnell, S. L. Bruce. |
| 250 | _a14th ed. | ||
| 260 |
_aBoston : _bMcGraw-Hill, _c1998. |
||
| 300 |
_axxiv, 547 [38] p. + _ewith CD-ROM. |
||
| 650 | 0 |
_aMicroeconomics. _@0000149944 |
|
| 700 | 1 |
_aBruce, S. L. _@0000160247 |
|
| 908 | _a070305 | ||
| 950 | _@1 | ||
| 999 |
_c10535 _d10535 |
||